000 01153cam a22002054a 4500
005 20250605164130.0
008 250528s ||||||||||||||||||||||||d
035 _a18607
020 _a1572306114
040 _aGR-AtMCL
_bgre
_dGR-AtMCL
_eAACR2
245 1 _aClinical Handbook of Psychological Disorders / A Step-By-Step Treatment Manual: Third Edition
250 _a3rd
260 _bThe Guilford Press,
_c2001
300 _a662
520 _aThis book offers an immense amount of information about effective treatments that can be applied by the beginning clinician and the seasoned therapist. Panic Disorder and Agoraphobia, Posttraumatic Stress Disorder, Social Anxiety Disorder, Generalized Anxiety Disorder, Obsessive-Compulsive Disorder, Cognitive Therapy for Depression, Interpersonal Psychotherapy for Depression and Other Disorders, Eating Disorders, Alcohol Use Disorders, Cocaine Dependence, Dialectical Behavior Therapy for Borderline Personality Disorder, Bipolar Disorder, Sexual Dysfunction, Couple Disorder, Author and Subject Index.
700 1 _aBarlow David H.
_94814
942 _cBK
999 _c3956
_d3956